<?xml version="1.0" encoding="UTF-8"?>
<record
    xmlns:xsi="http://www.w3.org/2001/XMLSchema-instance"
    xsi:schemaLocation="http://www.loc.gov/MARC21/slim http://www.loc.gov/standards/marcxml/schema/MARC21slim.xsd"
    xmlns="http://www.loc.gov/MARC21/slim">

  <leader>     nam a22     7a 4500</leader>
  <datafield tag="999" ind1=" " ind2=" ">
    <subfield code="c">47389</subfield>
    <subfield code="d">47389</subfield>
  </datafield>
  <controlfield tag="005">20250212105509.0</controlfield>
  <controlfield tag="008">190422b        xxu||||| |||| 00| 0 eng d</controlfield>
  <datafield tag="020" ind1=" " ind2=" ">
    <subfield code="a">978-9978-92-806-6</subfield>
  </datafield>
  <datafield tag="040" ind1=" " ind2=" ">
    <subfield code="a">ANE</subfield>
  </datafield>
  <datafield tag="041" ind1=" " ind2=" ">
    <subfield code="a">Es</subfield>
  </datafield>
  <datafield tag="082" ind1=" " ind2=" ">
    <subfield code="a">345 E77</subfield>
  </datafield>
  <datafield tag="100" ind1=" " ind2=" ">
    <subfield code="a">Espinosa Cueva,Carla </subfield>
  </datafield>
  <datafield tag="245" ind1=" " ind2=" ">
    <subfield code="a">Teor&#xED;a de la motivaci&#xF3;n de las resoluciones judiciales y jurisprudencia de casaci&#xF3;n y electoral</subfield>
    <subfield code="c">Espinosa Cueva,Carla </subfield>
  </datafield>
  <datafield tag="250" ind1=" " ind2=" ">
    <subfield code="a">1 ra ed</subfield>
  </datafield>
  <datafield tag="260" ind1=" " ind2=" ">
    <subfield code="a">Quito</subfield>
    <subfield code="c">2010</subfield>
  </datafield>
  <datafield tag="300" ind1=" " ind2=" ">
    <subfield code="a">147 p.</subfield>
  </datafield>
  <datafield tag="505" ind1=" " ind2=" ">
    <subfield code="a">Derecho comparado: motivaci&#xF3;n judicial en los sistemas de los pa&#xED;ses de la familia romano-germ&#xE1;nica.- Tipos  de providencias judiciales y motivaci&#xF3;n.- Elementos para una motivaci&#xF3;n debida de las resoluciones judiciales  con jurisprudencia de casaci&#xF3;n civil y laboral ecuatoriana.- La motivaci&#xF3;n de las sentencias electorales.   </subfield>
  </datafield>
  <datafield tag="942" ind1=" " ind2=" ">
    <subfield code="2">ddc</subfield>
    <subfield code="c">BK</subfield>
    <subfield code="z">Nr.</subfield>
  </datafield>
  <datafield tag="952" ind1=" " ind2=" ">
    <subfield code="0">0</subfield>
    <subfield code="1">0</subfield>
    <subfield code="2">ddc</subfield>
    <subfield code="4">0</subfield>
    <subfield code="7">0</subfield>
    <subfield code="a">AN01</subfield>
    <subfield code="b">AN01</subfield>
    <subfield code="d">2025-02-12</subfield>
    <subfield code="e">Donaci&#xF3;n</subfield>
    <subfield code="o">345 E77</subfield>
    <subfield code="p">36168</subfield>
    <subfield code="r">2019-04-22</subfield>
    <subfield code="w">2019-04-22</subfield>
    <subfield code="y">BK</subfield>
  </datafield>
</record>
